| 000 | 00380pab a2200157 454500 | ||
|---|---|---|---|
| 008 | 180718b1998 xxu||||| |||| 00| 0 eng d | ||
| 100 | _aRais Ahmad | ||
| 245 | _aAgricultural marketing: challenges | ||
| 260 | _c1998 | ||
| 300 | _ap.3-7 | ||
| 362 | _aDec | ||
| 650 | _aAgricultural markets - India | ||
| 650 | _aAgricultural markets | ||
| 773 | _aKurukshetra | ||
| 909 | _a39538 | ||
| 999 |
_c39538 _d39538 |
||